00788nam a2200229 i 450000500170000000800410001701000140005802000110007203500130008303700150009604000180011108200100012910000240013924500700016326000390023327000610027230000230033365000190035694200240037599900170039995201420041620090821121934.0780523r1978 paua b 001 0 eng  aENG-94782 c100.00 aEN-78315 bDBAD / PUB adplbEnglish  a632.9 aMalaikozhundan, B.  aIntegrated pest management for oil seeds /cby B. Malaikozhundan  aKaraikudibTBS Publications c2008 a21, Subramaniapuram 9th Street, South Extn. bKaraikudi  a235p. c22cm(pbk)  aPestsxControl 2ddccENmMALh632.9 c29375d29375 00102ddc40718NFICaDBADbDBADd2009-08-21eDBAD / PUBg100.00l0o632.9 MALpEN-78315r2009-08-21 00:00:00t1v100.00w2009-08-21yEN